000 01059pam a2200301 a 4500
999 _c329241
_d329241
001 3562631
003 ASAB
005 20170428112323.0
008 981001s1999 maua b 001 0 eng
010 _a 98044886
020 _a0674581555 (alk. paper)
020 _a81-203-2734-9
035 _a(DLC) 98044886
040 _aDLC
_cASAB
_dDLC
050 0 0 _aQP363
_b.F35 1999
082 0 0 _a573.8
_221
100 1 _aFain, Gordon L.
245 1 0 _aMolecular and cellular physiology of neurons /
_cGordon L. Fain.
260 _aNew Delhi
_b Prentice -Hall of India Private Limited.
_c1999.
300 _ax, 693 p. :
_bill. ;
_c25 cm.
504 _aIncludes bibliographical references (p. [585]-684) and index.
650 0 _aNeurons.
650 0 _aNeurophysiology.
650 0 _aMolecular neurobiology.
906 _a7
_bcbc
_corignew
_d1
_eocip
_f19
_gy-gencatlg
942 _2ddc
_cBK